000 00503nam a2200205 4500
001 2450
090 _a2450
100 _a20160217 frey50
101 _apor
102 _aPT
200 _aSerões da Beira
_fSarah Beirão
205 _a6.ª ed.
210 _aPorto
_cPorto Editora
_d1984
215 _a268 p. ;
_d19 cm
225 _aPortuguesa
_v8
606 _aConto
_zSéc. 20
_2Clip
675 _a821.134.3-3 BEI
_vBN
_zpor
700 _aBeirão,
_bSara,
_f1884-1974
801 _aPT
_gRPC
990 _cLIVROS